02729nam a22003257a 4500952010500000952010400105952010400209952010600313952010400419952010400523952010400627952010400731952010400835999001900939008004100958020005200999020003601051050002001087245014801107260007901255300001801334490003501352500003101387505063301418519019902051650004702250651006002297700003902357942000702396 00103tomo V4070a23b23d2016-08-19l0oF1210 H57 2006p23 000884r2016-08-19t1 w2016-08-19yLB 00103tomo V4070a23b23d2017-08-17l0oF1210 H57 2006p23 001389r2017-08-17t2w2017-08-17yLB 00103tomo V4070a23b23d2017-08-17l0oF1210 H57 2006p23 001390r2017-08-17t3w2017-08-17yLB 00103tomo V 4070a23b23d2017-08-17l0oF1210 H57 2006p23 001391r2017-08-17t4 w2017-08-17yLB 00103tomo V4070a23b23d2018-02-27l0oF1210 H57 2006p23 001606r2018-02-27t5w2018-02-27yLB 00103tomo V4070a23b23d2018-02-27l0oF1210 H57 2006p23 001607r2018-02-27t6w2018-02-27yLB 00103tomo V4070a23b23d2018-02-27l0oF1210 H57 2006p23 001608r2018-02-27t7w2018-02-27yLB 00103tomo V4070a23b23d2018-02-27l0oF1210 H57 2006p23 001609r2018-02-27t8w2018-02-27yLB 00103tomo V4070a23b23d2018-02-27l0oF1210 H57 2006p23 001610r2018-02-27t9w2018-02-27yLB c100693d100693160819s2006 mx ||||| |||| 00| 0 spa d a9789681211066 (Colegio de México : rústico) a9789681681517 (FCE : rústico) 4aF1210bH57 200600aHistoria de la vida cotidiana en Méxicob: Tomo V : volumen 2. Siglo XX. La imagen, ¿espejo de la vida?c/ Aurelio de los Reyes, coordinador3 aMéxicob: El Colegio de México ; Fondo de Cultura Económicac, 2006 a361 páginas0 aSección de Obras de Historia aCuarta reimpresión, 20140 aLa ciudad de México en los albores del siglo XX La historieta, mirilla de la vida cotidiana en la CIudad de México (1904-1940) Imágenes y representaciones de la niñez en México a principios del siglo XX Casa, vestido y sustento. Cultura material en anuncios de la prensa ilustrada (1894-1939) De la tecnología al orden doméstico en el México de la posguerra Fotografías de la educación cotidiana en la posrevolución Momentos y modelos en la vida diaria. El fotoperiodismo en algunas fotografías de la Ciudad de México, 1940-1960 Crimen y castigo: la disfunción social en el México posrevolucionario aPlan UNAM 2o. Semestre / bEnfermería / cHistoria de la Enfermería en México (1212) / d(23 000884, 23 001389, 23 001390, 23 001391, 23 001606, 23 001607, 23 001608, 23 001609, 23 001610)14aETNOLOGÍAvMÉXICO - CIUDAD DE MÉXICO24aCIUDAD DE MÉXICO (MÉXICO)vVIDA SOCIAL Y COSTUMBRES ade los Reyes, Aurelioecoordinador cLB